Advances in protein chemistry Vol. 24
Guardado en:
| Otros Autores: | , , |
|---|---|
| Formato: | Libro |
| Lenguaje: | inglés |
| Publicado: |
New York
Academic Press
1970
|
| Materias: | |
| Acceso en línea: | Ver en el OPAC |
| Etiquetas: |
Sin Etiquetas, Sea el primero en etiquetar este registro!
|
MARC
| LEADER | 00000nam a2200000 a 4500 | ||
|---|---|---|---|
| 005 | 20260127134036.0 | ||
| 008 | 090306 1970 xxu 000 0 eng d | ||
| 035 | |a vtls009480821 | ||
| 039 | 9 | |a 201602221056 |b AUTHORITY |y 200903061325 |z mschk03 | |
| 040 | |a STUSCHK1 |b slo |c STUSCHK1 |e AACR2 | ||
| 080 | |a 547 | ||
| 080 | |a 577.1 | ||
| 080 | |a 54 | ||
| 245 | 1 | |a Advances in protein chemistry |n Vol. 24 |c edited by C.B. Anfinsen, John T. Edsall, Frederic M.Richards | |
| 260 | |a New York |b Academic Press |c 1970 | ||
| 300 | |a 572 s. |b il. |c 23 cm | ||
| 650 | 0 | |a biochémia | |
| 700 | 1 | |a Anfinsen, Christian Boehmer, |d 1916-1995 |4 edt |9 8 | |
| 700 | 1 | |a Edsall, John T. |4 edt | |
| 700 | 1 | |a Richards, Frederic M. |4 edt | |
| 910 | |a SCHK95 | ||
| 999 | |c 2731 |d 2731 | ||